|
|
|
|
| LEADER |
00000nam0a2200000 4500 |
| 001 |
27545 |
| 005 |
20231101205812.0 |
| 010 |
|
|
|a 5894100046
|
| 035 |
|
|
|a (RuTPU)RU\TPU\book\27796
|
| 035 |
|
|
|a BOOK00027871
|
| 090 |
|
|
|a 27545
|
| 100 |
|
|
|a 20011209d1997 m y0rusy50 ca
|
| 101 |
0 |
|
|a rus
|
| 102 |
|
|
|a RU
|
| 105 |
|
|
|a y z 000zy
|
| 200 |
1 |
|
|a Непокоренная Чечня
|f Л. Усманов
|
| 210 |
|
|
|a Москва
|c Парус
|d 1997
|
| 215 |
|
|
|a 414 с.
|
| 606 |
1 |
|
|a Чеченская трагедия
|2 stltpush
|3 (RuTPU)RU\TPU\subj\18746
|9 44122
|
| 610 |
1 |
|
|a политика
|
| 610 |
1 |
|
|a социально-политические отношения
|
| 610 |
1 |
|
|a чеченцы
|
| 610 |
1 |
|
|a Чечня
|
| 610 |
1 |
|
|a Ичкерия
|
| 610 |
1 |
|
|a история
|
| 610 |
1 |
|
|a этнография
|
| 610 |
1 |
|
|a геноцид
|
| 610 |
1 |
|
|a Кавказ
|
| 610 |
1 |
|
|a этнические конфликты
|
| 610 |
1 |
|
|a военные преступления
|
| 610 |
1 |
|
|a Чеченская война
|
| 610 |
1 |
|
|a Россия
|
| 686 |
|
|
|a Ф3(2)3
|v LBC/SL-A
|2 rubbk
|
| 686 |
|
|
|a Ф5(2)3
|v LBC/SL-A
|2 rubbk
|
| 686 |
|
|
|a Т3(2Р-6Че)
|v LBC/SL-A
|2 rubbk
|
| 700 |
|
1 |
|a Усманов
|b Л.
|g Лема
|
| 801 |
|
0 |
|a RU
|b 63413507
|c 20011209
|g PSBO
|
| 801 |
|
2 |
|a RU
|b 63413507
|c 20131226
|g PSBO
|
| 942 |
|
|
|c BK
|